1998 1722 1936 1880 1929 1739 1828 1955 1440 1613 1266 1395 1361 1042 1029 1784 1069 1001 1056 1455 1340 1363 1325 1117 1252 1366 1283 1789 1903 1080 1403 1960 1370 1478 1842 1410 1127 1349 1090 1218 1197 1861 1345 1124 1481 1180 1068 1357 1101 1864 1769 1123 1047 1348 1941 1481 1151 1618 1991 1745 1947 1355 1065 1453 1548 1108 1591 1212 1706 1777 1128 1783 1599 1776 1143 1060 1445 1104 1128 1677 1874 1993 1017 1103 1765 1369 1138 1172 1553 1327 1469 1786 1804 1425 1446 1607 1888 1784 1804 BCNSPRNW ULIB Ver.6.0+V

เปลี่ยนเป็นภาษาไทย

Change to English
 แสดงรายละเอียดบรรณานุกรม
  กลับหน้าหลัก

Brief Record : Get Marc (ISO 2709) : E-mail record : QR code < ปิดหน้าต่าง
LEADER : 00000nam 2200000uu 4500
001    13399123172
003     ULIB
008    200557s2551||||th 000 0 tha d
020    ^a9789740689140
090    ^aนว.^bช617ห
100 0  ชุติวรรณ
245 00 ^aหัวใจใสๆเก็บไว้ให้เธอ/^cชุติวรรณ
250    ^aพิมพ์ครั้งที่ 1
260    ^aกรุงเทพฯ :^bนกฮูก,^c2551
300    ^a153หน้า
710 1  ^aนกฮูก
945    ^p139^l0^i20320
995    ^aทศพร
999    ^aทศพร เกษรทอง
รายการนี้ยังไม่มีแท็ก
คุณยังไม่ได้ล็อกอิน คุณสามารถมีกิจกรรมร่วมกับเว็บไซต์ได้ แต่ต้องล็อกอินก่อน ::
  ล็อกอิน

รายการสื่อสารสนเทศ

ลำดับที่ ประเภท เลขเรียก/บาร์โค้ด สถานที่ สถานะ
1. นวนิยาย
นวนิยาย
นว. ช617ห ฉ.1 
  Barcode: 20320
ห้องสมุดวิทยาเขตนครสวรรค์
►นวนิยาย:l:Fiction
บนชั้น

BibComment


ยังไม่เคยถูกคอมเมนท์

คอมเมนท์ทรัพยากรรายการนี้
  คอมเมนท์: หัวใจใสๆเก็บไว้ใ..


 Copyright 2026. Bcnsprnw @Library